sanah - Melodia - Statystyki

Ogólne statystyki
  • Ten quiz został rozwiązany 90 razy
  • Średni wynik to 147 z 213
Statystyki odpowiedzi
Odpowiedź % Poprawnych
melodia
94%
melodia)
94%
mi
91%
ta
91%
w
91%
A
89%
Tylko
89%
tylko
89%
z
89%
ja
87%
za
87%
nie
85%
Nie
85%
Tańcz
83%
tańcz
83%
mówię
81%
Została
81%
to
79%
jak
77%
płacz
77%
sobie
77%
ale
75%
wiem
74%
Zagłusza
72%
na
70%
da
68%
mnie
68%
do
66%
sama
66%
(sama)
66%
żal
66%
Co
64%
coś
64%
je
64%
mój
64%
może
64%
Czy
62%
łzy
62%
Pociesza
62%
że
62%
czas
60%
Tłumi
60%
będzie
58%
Dla
58%
już
58%
Musiałam
58%
nikt
58%
powiedział
58%
proste
58%
wyleję
58%
żałosne
58%
Chce
57%
CIebie
57%
Ciebie
57%
jakiś
57%
stąd
57%
taka
57%
trochę
57%
uciec
57%
Wróciłam
57%
zostało
57%
dużo
55%
dziś
55%
gra
55%
rana
55%
uprzedził
55%
byłam
53%
ich
53%
nic
53%
ślub
53%
tańczyć
53%
głowie
51%
jedną
51%
mojej
51%
pań
51%
planowałam
51%
wielu
51%
zostałam
51%
Znowu
49%
brałam
47%
jej
47%
Kołysz
47%
kołysz
47%
nutek
47%
serio
47%
zaboli
47%
słowa
45%
znaczyły
45%
czuła
43%
gdy
43%
tańczę
43%
Żebym
43%
(pozostała
38%
Nie znaleziono quizów pasujących do podanych kryteriów
Rozkład punktacji
Procent ludzi z każdym wynikiem
Percentyl według liczby udzielonych odpowiedzi
Twoja historia wyników
Nie rozwiązałeś tego quizu